| 000 | 00938nam a22001817a 4500 | ||
|---|---|---|---|
| 008 | 230315s2023 xxk|||||o|||| 00| 0 eng d | ||
| 041 | _aeng | ||
| 245 |
_aSprayed foam insulation _h[Electronic resource] |
||
| 260 |
_bProperty Care Association, _cMarch 2023 |
||
| 300 | _a13p. | ||
| 520 | _aInspection Protocol for building professionals who are asked to consider spray polyurethane foam that has been applied to the pitched elevations of domestic roofs. This document provides a framework to assist property professionals and residential surveyors undertaking non-invasive visual inspections of spray foam applications to the inside of pitched roofs. | ||
| 650 | _aSPRAY FOAM | ||
| 651 | _aUnited Kingdom | ||
| 690 |
_96223 _aBuilding materials & defects |
||
| 710 | _aProperty Care Association | ||
| 856 |
_uhttps://www.property-care.org/resources/spray-foam-insulation-inspections _zAvailable from the PCA |
||
| 942 | _n0 | ||
| 999 |
_c121395 _d121395 |
||